| 000 | 00808nam a22002295i 4500 | ||
|---|---|---|---|
| 001 | 161712 | ||
| 003 | ES-MaACL | ||
| 005 | 20250603185438.0 | ||
| 008 | 041025s1864 fr |||| | fre d | ||
| 080 | _a94(85)"1865/66" | ||
| 080 | _a327(460:85) | ||
| 080 | _a327(85:460) | ||
| 100 | 1 |
_aPeral, J. del. _9130981 |
|
| 245 | 1 | 3 |
_aLe conflit entre l'Espagne et le Pérou / _cpar J. del Peral. |
| 260 |
_aParis : _b[s.n.], _c1864 ( _fImp. Balitout, Questroy et ce) |
||
| 300 |
_a30 p. ; _c23 cm. |
||
| 651 | 4 |
_aPerú- _xHistoria- _y1864, Cuestión española. _9153882 |
|
| 651 | 7 |
_aEspaña- _xRelaciones- _zPerú _2 _9153883 |
|
| 651 | 4 |
_aPerú- _xRelaciones- _zEspaña. _9153884 |
|
| 852 | 4 |
_aES-MaACL _jT-77-F-1 _z- Enc. hol., falto de cub. original _z- Enc. en un vol. facticio |
|
| 999 |
_c161712 _d161712 |
||